Tirano banderas: novela de tierra caliente
Uloženo v:
| Hlavní autor: | |
|---|---|
| Médium: | Kniha |
| Jazyk: | španělština |
| Vydáno: |
Buenos Aires
Losada
1941
|
| Edice: | Obras Completas, 14
|
| Témata: | |
| Tagy: |
Přidat tag
Žádné tagy, Buďte první, kdo vytvoří štítek k tomuto záznamu!
|
MARC
| LEADER | 00000nam a2200000 a 4500 | ||
|---|---|---|---|
| 001 | UCQ2017 | ||
| 003 | CL-VaPUC | ||
| 008 | 980721e19410000AG |||||||||||||||||spa|d | ||
| 082 | 0 | 4 | |a 863 |b VAL |2 21 |
| 100 | 0 | |a Valle Inclán, Ramón del |e author |9 315482 | |
| 245 | 1 | 0 | |a Tirano banderas: novela de tierra caliente |
| 300 | |a 246 p | ||
| 942 | |c BK | ||
| 945 | |d 19980721 00:00:00 |a lriquelm | ||
| 260 | |a Buenos Aires |b Losada |c 1941 | ||
| 650 | 0 | |a Novelas españolas |9 265052 | |
| 650 | 0 | |a Literatura española |9 306261 | |
| 583 | |a last modification |c 19980721 00:00:00 |k Rodrigo Vera | ||
| 490 | 0 | |a Obras Completas, 14 | |
| 999 | |c 272859 |d 272857 | ||
| 952 | |0 0 |1 0 |4 0 |6 863_000000000000000_VAL_1941 |7 0 |8 A |9 308055 |a BIBEDU |b BIBEDU |d 2019-11-20 |i 1440926 |o 863 VAL 1941 |p 1440926 |r 2019-11-20 |w 2019-11-20 |y BK |k LIT | ||